Opportunities in recreation and leisure careers (Record no. 14273)

MARC details
000 -LEADER
fixed length control field 00524nam a22001697a 4500
003 - CONTROL NUMBER IDENTIFIER
control field URS
005 - DATE AND TIME OF LATEST TRANSACTION
control field 20220114171614.0
008 - FIXED-LENGTH DATA ELEMENTS--GENERAL INFORMATION
fixed length control field 170324b xxu||||| |||| 00| 0 eng d
020 ## - INTERNATIONAL STANDARD BOOK NUMBER
International Standard Book Number 0844285854
050 ## - LIBRARY OF CONGRESS CALL NUMBER
Classification number GV160
Item number J45
100 ## - MAIN ENTRY--PERSONAL NAME
Personal name Jensen, Clayne R.
Relator code author
245 ## - TITLE STATEMENT
Title Opportunities in recreation and leisure careers
Statement of responsibility, etc. Clayne R. Jensen, Jay H. Naylor, Author
260 ## - PUBLICATION, DISTRIBUTION, ETC.
Place of publication, distribution, etc. Lincolnwood, Chicago:
Name of publisher, distributor, etc. VGM Career Horizons,
Date of publication, distribution, etc. 1990
300 ## - PHYSICAL DESCRIPTION
Extent viii, 149 pages;
Dimensions 20 cm.
700 ## - ADDED ENTRY--PERSONAL NAME
Relator code author
Personal name Naylor, Jay H.
942 ## - ADDED ENTRY ELEMENTS (KOHA)
Koha item type Foreign Books
Source of classification or shelving scheme Library of Congress Classification
Holdings
Withdrawn status Source of classification or shelving scheme Damaged status Not for loan Collection code Home library Current library Shelving location Date acquired Total Checkouts Full call number Barcode Date last seen Price effective from Koha item type
  Library of Congress Classification     Non-fiction Binangonan College Library Binangonan College Library Foreign Section 06/07/2023   GV160 J45 URSBIN-0500 03/11/2016 09/11/2019 Foreign Books

University of Rizal System
Email us at univlibservices@urs.edu.ph

Visit our Website www.urs.edu.ph/library